Statistics for Call of Duty Characters

Click here to take the quiz!

General Stats

  • This quiz has been taken 196 times
  • The average score is 4 of 13

Answer Stats

HintAnswer% Correct
Gets Brainwashed and has Numbers in his HeadAlex Mason
88%
Plans Massacre at Zakhaev International AirportVladamir Makarov
76%
Trains You in CoD 4Gaz
48%
Your Robot Friend that Sacrificed HimselfE3N (Ethan)
32%
Flirts with ParkEleazar Azoulay (Lazar)
20%
His Best Friend Watches him Get Betrayed and Gas-ChamberedDimitri Petrenko
19%
Has a Virus in His DNI, Causing Him to Act EvilJohn Taylor
19%
Your Dad and CommanderElias Walker
13%
Interrogated and Gave up Information on VolkWaraabe
13%
Commander of Rebel MilitiaFarah Karim
11%
Harsh Sergeant that has Beef with SuperiorWilliam Pierson
8%
Works Undercover for America and Has a Player-Determined DeathFarid
6%
Ex-Spetsnaz that Helps You throughout the Entire GameIlona
2%

Score Distribution

Percentile by Number Answered

Percent of People with Each Score

Your Score History

You have not taken this quiz